000 00760nas a22002531i#4500
001 1294
003 ES-MaACL
005 20250729062609.0
007 t|
008 950801d1894 fr w| | 1 ||re d
080 _a44
245 0 0 _aJournal des débats politiques et littéraires.
246 1 3 _aRevue hebdomadaire du Journal des débats politiques et litteraires
246 1 3 _aEdition hebdomadaire du Journal des débats politiques et littéraires
250 _aEdition hebdomadaire.
260 _aParis :
_bImp. du Journal des Débats,
_c[1894?]
300 _av ;
_c26 cm.
310 _aSemanal
362 0 _a[1894?]-
650 7 _aPolítica
_2embne
_9140345
852 _aES-MaACL
_jB-8509-11
866 1 _o(1917)1918.
999 _c1294
_d1294